[Event "HUN-ch Rapid 2019"]
[Site "Ajka"]
[Date "2019.07.19"]
[Round "3.9"]
[White "Csonka, Balazs"]
[Black "Medvegy, Zoltan"]
[Result "1-0"]
[WhiteElo "2472"]
[BlackElo "2539"]
[Annotator "ChessBase"]
[PlyCount "77"]
[EventDate "2019.07.18"]
[EventType "swiss"]
[EventCountry "HUN"]
[SourceTitle "playchess.com"]
[Source "ChessBase"]
[SourceQuality "1"]
[TimeControl "1200+5"]

1. e4 {[%emt 0:00:03]} c5 {[%emt 0:00:04]} 2. Nf3 {[%emt 0:00:02]} Nf6 {[%emt 0:00:01]} 3. e5 {[%emt 0:00:24]} Nd5 {[%emt 0:00:01]} 4. Nc3 {[%emt 0:00:02]} Nxc3 {[%emt 0:00:01]} 5. dxc3 {[%emt 0:00:02]} Nc6 {[%emt 0:00:04]} 6. Bc4 {[%emt 0:00:03]} Qc7 {[%emt 0:00:05]} 7. Bf4 {[%emt 0:01:12]} e6 {[%emt 0:00:01]} 8. Qd2 {[%emt 0:00:56]} h6 {[%emt 0:00:09]} 9. h4 {[%emt 0:00:26]} a6 {[%emt 0:00:47]} 10. O-O-O {[%emt 0:01:32]} b5 {[%emt 0:00:04]} 11. Bd3 {[%emt 0:00:04]} c4 {[%emt 0:00:47]} 12. Be4 {[%emt 0:00:18]} Bb7 {[%emt 0:00:01]} 13. h5 {[%emt 0:09:23]} Ne7 {[%emt 0:00:09]} 14. Qe2 {[%emt 0:01:49]} Rb8 {[%emt 0:06:31]} 15. Nd2 {[%emt 0:02:00]} Bd5 {[%emt 0:01:18]} 16. Bg3 {[%emt 0:00:40]} Qc6 {[%emt 0:01:42]} 17. Rh4 {[%emt 0:00:39]} Bxe4 {[%emt 0:01:51]} 18. Nxe4 {[%emt 0:00:35]} Nd5 {[%emt 0:00:13]} 19. Rg4 {[%emt 0:00:30]} a5 {[%emt 0:02:53]} 20. Qf3 {[%emt 0:00:01]} b4 {[%emt 0:01:26]} 21. cxb4 {[%emt 0:00:13]} axb4 {[%emt 0:00:15]} 22. Nd6+ {[%emt 0:00:37]} Bxd6 {[%emt 0:00:01]} 23. exd6 {[%emt 0:00:02]} b3 {[%emt 0:01:36]} 24. Rxg7 {[%emt 0:00:11]} Rf8 {[%emt 0:01:10]} 25. Rxd5 {[%emt 0:00:01]} c3 {[%emt 0:00:46]} 26. axb3 {[%emt 0:00:14]} Ra8 {[%emt 0:00:07]} 27. bxc3 {[%emt 0:00:09]} Ra1+ {[%emt 0:00:04]} 28. Kd2 {[%emt 0:00:05]} Qxd5+ 29. Qxd5 exd5 {[%emt 0:00:02]} 30. Bh4 {[%emt 0:00:11]} Rh1 {[%emt 0:00:12]} 31. Be7 {[%emt 0:00:05]} Rh8 {[%emt 0:00:07]} 32. g4 {[%emt 0:00:04]} Rh2 {[%emt 0:00:03]} 33. Ke2 {[%emt 0:00:03]} Rh3 {[%emt 0:00:01]} 34. f3 {[%emt 0:00:08]} Rh2+ {[%emt 0:00:01]} 35. Kd3 {[%emt 0:00:01]} Rf2 {[%emt 0:00:01]} 36. b4 {[%emt 0:00:06]} Rxf3+ {[%emt 0:00:05]} 37. Kd4 {[%emt 0:00:01]} Rf2 {[%emt 0:00:08]} 38. Kxd5 {[%emt 0:00:08]} Rxc2 {[%emt 0:00:04]} 39. c4 {[%emt 0:00:04]} 1-0

[Event "HUN-ch Rapid 2019"]
[Site "Ajka"]
[Date "2019.07.19"]
[Round "3.10"]
[White "Czebe, Attila"]
[Black "Emodi, Barnabas"]
[Result "1/2-1/2"]
[WhiteElo "2436"]
[BlackElo "2365"]
[Annotator "NA"]
[PlyCount "129"]
[EventDate "2019.07.18"]
[EventType "swiss"]
[EventCountry "HUN"]
[SourceTitle "playchess.com"]
[Source "ChessBase"]
[SourceQuality "1"]
[TimeControl "1200+5"]

1. Nf3 {[%emt 0:00:01]} Nf6 {[%emt 0:00:03]} 2. g3 {[%emt 0:00:01]} d5 {[%emt 0:00:06]} 3. Bg2 {[%emt 0:00:03]} c6 {[%emt 0:00:06]} 4. c4 {[%emt 0:00:07]} g6 {[%emt 0:00:19]} 5. cxd5 {[%emt 0:00:59]} cxd5 {[%emt 0:00:03]} 6. Ne5 {[%emt 0:00:03]} Bg7 {[%emt 0:00:25]} 7. Qa4+ {[%emt 0:00:02]} Nbd7 {[%emt 0:00:43]} 8. Nc3 {[%emt 0:00:32]} O-O {[%emt 0:00:30]} 9. Nxd7 {[%emt 0:00:04]} Bxd7 {[%emt 0:00:07]} 10. Qh4 {[%emt 0:00:02]} Bc6 {[%emt 0:00:46]} 11. d4 {[%emt 0:00:02]} Ne4 {[%emt 0:03:50]} 12. Bh6 {[%emt 0:02:12]} Qb6 {[%emt 0:02:54]} 13. Bxg7 {[%emt 0:00:57]} Qxb2 {[%emt 0:01:14]} 14. O-O {[%emt 0:00:05]} Kxg7 {[%emt 0:00:11]} 15. Nxe4 {[%emt 0:00:35]} dxe4 {[%emt 0:00:41]} 16. e3 {[%emt 0:00:01]} e5 {[%emt 0:02:23]} 17. Rfb1 {[%emt 0:01:07]} Qc3 {[%emt 0:00:13]} 18. Rc1 {[%emt 0:00:01]} Qb2 {[%emt 0:01:22]} 19. Rab1 {[%emt 0:01:44]} Qxa2 {[%emt 0:00:02]} 20. dxe5 {[%emt 0:00:01]} Qe6 {[%emt 0:02:01]} 21. Rc5 {[%emt 0:00:53]} h6 {[%emt 0:01:11]} 22. Bh3 {[%emt 0:00:03]} g5 {[%emt 0:00:15]} 23. Qh5 {[%emt 0:00:01]} Qg6 {[%emt 0:00:04]} 24. Qe2 {[%emt 0:00:20]} Rad8 {[%emt 0:00:01]} 25. Bg4 {[%emt 0:00:16]} Rd5 {[%emt 0:00:21]} 26. Rxd5 {[%emt 0:00:15]} Bxd5 {[%emt 0:00:01]} 27. Qd2 {[%emt 0:00:05]} Be6 {[%emt 0:00:28]} 28. Bxe6 {[%emt 0:00:14]} Qxe6 {[%emt 0:00:02]} 29. Rxb7 {[%emt 0:00:02]} Qxe5 {[%emt 0:00:03]} 30. Rxa7 {[%emt 0:00:02]} Rb8 {[%emt 0:00:04]} 31. Qa2 {[%emt 0:00:05]} Qf6 {[%emt 0:00:08]} 32. Rd7 {[%emt 0:00:13]} Rc8 {[%emt 0:00:14]} 33. Rd1 {[%emt 0:00:38]} Rb8 {[%emt 0:00:02]} 34. Qd5 {[%emt 0:00:07]} Rb2 {[%emt 0:00:32]} 35. Rf1 {[%emt 0:00:06]} Rb4 {[%emt 0:00:10]} 36. h3 {[%emt 0:00:09]} h5 {[%emt 0:00:18]} 37. Qd1 {[%emt 0:00:23]} Kg6 {[%emt 0:00:07]} 38. Qc2 {[%emt 0:00:05]} Qe6 {[%emt 0:00:05]} 39. Kg2 {[%emt 0:00:05]} Rc4 {[%emt 0:00:03]} 40. Qb1 Qf5 {[%emt 0:00:08]} 41. Rd1 {[%emt 0:00:10]} h4 {[%emt 0:00:09]} 42. Rd6+ {[%emt 0:01:23]} f6 {[%emt 0:00:05]} 43. Qd1 {[%emt 0:00:04]} hxg3 {[%emt 0:00:07]} 44. Kxg3 {[%emt 0:00:01]} Rc5 {[%emt 0:00:25]} 45. Rd8 {[%emt 0:00:06]} Rc7 {[%emt 0:00:11]} 46. Rd5 {[%emt 0:00:03]} Qe6 {[%emt 0:00:03]} 47. Rd6 {[%emt 0:01:23]} Qe5+ {[%emt 0:00:09]} 48. Kg2 {[%emt 0:00:02]} Qf5 {[%emt 0:00:05]} 49. Rd4 {[%emt 0:01:09]} Rh7 {[%emt 0:00:19]} 50. Qg4 {[%emt 0:00:01]} Qxg4+ {[%emt 0:00:00]} 51. hxg4 {[%emt 0:00:02]} Re7 {[%emt 0:00:02]} 52. Kf1 {[%emt 0:00:04]} Re6 {[%emt 0:00:03]} 53. Rd5 {[%emt 0:00:01]} Re7 {[%emt 0:00:02]} 54. Ke2 {[%emt 0:00:03]} Re8 {[%emt 0:00:02]} 55. Rd4 {[%emt 0:00:09]} Re6 {[%emt 0:00:03]} 56. Rd5 {[%emt 0:00:03]} Re8 {[%emt 0:00:01]} 57. Kd2 {[%emt 0:00:01]} Re6 {[%emt 0:00:06]} 58. Kc3 {[%emt 0:00:02]} Ra6 {[%emt 0:00:02]} 59. Rd2 {[%emt 0:00:35]} Rc6+ {[%emt 0:00:18]} 60. Kb3 {[%emt 0:00:18]} f5 {[%emt 0:00:02]} 61. gxf5+ {[%emt 0:00:11]} Kxf5 {[%emt 0:00:01]} 62. Rd8 {[%emt 0:00:01]} Rf6 {[%emt 0:00:16]} 63. Kc4 {[%emt 0:00:04]} Kg4 {[%emt 0:00:02]} 64. Kd4 {[%emt 0:00:08]} Rxf2 {[%emt 0:00:04]} 65. Kxe4 1/2-1/2

[Event "HUN-ch Rapid 2019"]
[Site "Ajka"]
[Date "2019.07.19"]
[Round "3.11"]
[White "Horvath, Tamas I"]
[Black "Vertetics, Attila"]
[Result "1/2-1/2"]
[WhiteElo "2318"]
[BlackElo "2438"]
[Annotator "NA"]
[PlyCount "54"]
[EventDate "2019.07.18"]
[EventType "swiss"]
[EventCountry "HUN"]
[SourceTitle "playchess.com"]
[Source "ChessBase"]
[SourceQuality "1"]
[TimeControl "1200+5"]

1. e4 {[%emt 0:00:04]} c6 {[%emt 0:00:02]} 2. d4 {[%emt 0:00:15]} d5 {[%emt 0:00:02]} 3. Nd2 {[%emt 0:00:08]} g6 {[%emt 0:00:02]} 4. Ngf3 {[%emt 0:00:05]} Bg7 {[%emt 0:00:01]} 5. h3 {[%emt 0:00:20]} Nh6 {[%emt 0:00:26]} 6. Bd3 {[%emt 0:00:32]} O-O {[%emt 0:00:06]} 7. O-O {[%emt 0:00:04]} f6 {[%emt 0:00:06]} 8. c4 {[%emt 0:00:11]} e6 {[%emt 0:00:06]} 9. Qb3 {[%emt 0:00:22]} Nf7 {[%emt 0:00:08]} 10. Re1 {[%emt 0:00:08]} a5 {[%emt 0:00:18]} 11. a3 {[%emt 0:00:10]} b6 {[%emt 0:00:33]} 12. exd5 {[%emt 0:00:15]} exd5 {[%emt 0:00:02]} 13. Nf1 {[%emt 0:00:04]} a4 {[%emt 0:02:28]} 14. Qc2 {[%emt 0:00:15]} dxc4 {[%emt 0:00:14]} 15. Bxc4 {[%emt 0:00:02]} Bf5 {[%emt 0:00:26]} 16. Qe2 {[%emt 0:00:21]} b5 {[%emt 0:00:10]} 17. Ba2 {[%emt 0:00:02]} Na6 {[%emt 0:00:39]} 18. Ng3 {[%emt 0:00:11]} Bd7 {[%emt 0:00:19]} 19. Bd2 {[%emt 0:00:39]} Nc7 {[%emt 0:00:17]} 20. Bb4 {[%emt 0:00:18]} Re8 {[%emt 0:00:11]} 21. Qc2 {[%emt 0:00:20]} Na6 {[%emt 0:01:39]} 22. Bd2 {[%emt 0:00:08]} Nc7 {[%emt 0:01:13]} 23. Bb4 {[%emt 0:00:04]} Na6 {[%emt 0:01:04]} 24. Bd2 {[%emt 0:00:03]} Nc7 {[%emt 0:01:12]} 25. Bb4 Na6 26. Bd2 Qb6 27. Ne4 Bf5 1/2-1/2

[Event "HUN-ch Rapid 2019"]
[Site "Ajka"]
[Date "2019.07.19"]
[Round "3.12"]
[White "Aczel, Gergely"]
[Black "Bodi, Tibor"]
[Result "1-0"]
[WhiteElo "2540"]
[BlackElo "2244"]
[Annotator "ChessBase"]
[PlyCount "123"]
[EventDate "2019.07.18"]
[EventType "swiss"]
[EventCountry "HUN"]
[SourceTitle "playchess.com"]
[Source "ChessBase"]
[SourceQuality "1"]
[TimeControl "1200+5"]

1. d4 {[%emt 0:00:01]} d5 {[%emt 0:00:02]} 2. c4 {[%emt 0:00:02]} c6 {[%emt 0:00:02]} 3. cxd5 {[%emt 0:00:01]} cxd5 {[%emt 0:00:01]} 4. Bf4 {[%emt 0:00:02]} Nc6 {[%emt 0:00:04]} 5. e3 {[%emt 0:00:01]} Nf6 {[%emt 0:00:11]} 6. Nc3 {[%emt 0:00:01]} a6 {[%emt 0:00:03]} 7. Bd3 {[%emt 0:00:02]} e6 {[%emt 0:00:21]} 8. Rc1 {[%emt 0:00:03]} Bd6 {[%emt 0:00:09]} 9. Bxd6 {[%emt 0:00:04]} Qxd6 {[%emt 0:00:02]} 10. f4 {[%emt 0:00:02]} O-O {[%emt 0:00:04]} 11. Nf3 {[%emt 0:00:02]} b5 {[%emt 0:00:10]} 12. O-O {[%emt 0:00:03]} Bd7 {[%emt 0:00:01]} 13. Ne5 {[%emt 0:00:10]} Rfc8 {[%emt 0:01:01]} 14. Qf3 {[%emt 0:00:02]} b4 {[%emt 0:00:45]} 15. Ne2 {[%emt 0:00:34]} Ne7 {[%emt 0:00:16]} 16. Nxd7 {[%emt 0:00:50]} Qxd7 {[%emt 0:00:14]} 17. Ng3 {[%emt 0:01:08]} Nf5 {[%emt 0:00:21]} 18. Nxf5 {[%emt 0:00:26]} exf5 {[%emt 0:00:01]} 19. Rc5 {[%emt 0:02:19]} Ne4 {[%emt 0:01:03]} 20. Bxe4 {[%emt 0:00:20]} fxe4 {[%emt 0:01:11]} 21. Qd1 {[%emt 0:00:02]} Rc7 {[%emt 0:08:01]} 22. Qd2 {[%emt 0:00:20]} a5 {[%emt 0:01:30]} 23. Rxc7 {[%emt 0:00:02]} Qxc7 {[%emt 0:00:05]} 24. Rc1 {[%emt 0:00:02]} Qb7 {[%emt 0:01:02]} 25. Rc5 {[%emt 0:00:05]} Qa6 {[%emt 0:01:35]} 26. h3 {[%emt 0:03:33]} g6 {[%emt 0:00:24]} 27. b3 {[%emt 0:00:14]} a4 {[%emt 0:00:24]} 28. Qxb4 {[%emt 0:00:42]} Qe2 {[%emt 0:00:52]} 29. Rc3 {[%emt 0:05:37]} a3 {[%emt 0:00:24]} 30. Kh2 {[%emt 0:01:06]} Qxa2 {[%emt 0:00:11]} 31. Rc7 {[%emt 0:00:26]} Qe2 {[%emt 0:00:40]} 32. Qe7 {[%emt 0:01:26]} Rf8 {[%emt 0:00:07]} 33. Qxa3 {[%emt 0:00:11]} Qxe3 {[%emt 0:00:01]} 34. Qd6 {[%emt 0:00:08]} Qxb3 {[%emt 0:00:06]} 35. f5 {[%emt 0:00:30]} Qb8 {[%emt 0:01:08]} 36. Rd7 {[%emt 0:01:30]} Qxd6+ {[%emt 0:00:13]} 37. Rxd6 {[%emt 0:00:01]} Re8 {[%emt 0:00:06]} 38. Kg1 {[%emt 0:00:07]} Kg7 {[%emt 0:00:04]} 39. f6+ {[%emt 0:00:25]} Kh6 {[%emt 0:00:01]} 40. Rxd5 {[%emt 0:00:01]} g5 {[%emt 0:00:07]} 41. Re5 {[%emt 0:00:35]} Rd8 {[%emt 0:00:10]} 42. Rxe4 {[%emt 0:00:04]} Kg6 {[%emt 0:00:00]} 43. Kf2 {[%emt 0:00:03]} Kxf6 {[%emt 0:00:01]} 44. g4 {[%emt 0:00:04]} Ra8 {[%emt 0:00:04]} 45. Re3 {[%emt 0:00:07]} Ra2+ {[%emt 0:00:04]} 46. Kf3 {[%emt 0:00:02]} Rd2 {[%emt 0:00:03]} 47. Ke4 {[%emt 0:00:03]} Ke6 {[%emt 0:00:04]} 48. Rf3 {[%emt 0:00:02]} Re2+ {[%emt 0:00:03]} 49. Kd3 {[%emt 0:00:01]} Rh2 {[%emt 0:00:03]} 50. Re3+ {[%emt 0:00:10]} Kd5 {[%emt 0:00:08]} 51. Re5+ {[%emt 0:00:03]} Kd6 {[%emt 0:00:01]} 52. Rxg5 {[%emt 0:00:02]} Rxh3+ {[%emt 0:00:00]} 53. Ke4 {[%emt 0:00:02]} Rh1 {[%emt 0:00:03]} 54. Rd5+ {[%emt 0:00:04]} Ke6 {[%emt 0:00:01]} 55. Re5+ {[%emt 0:00:01]} Kd6 {[%emt 0:00:01]} 56. Rf5 {[%emt 0:00:06]} Re1+ {[%emt 0:00:04]} 57. Kd3 {[%emt 0:00:16]} Ke6 {[%emt 0:00:03]} 58. Rh5 {[%emt 0:00:09]} Rg1 {[%emt 0:00:02]} 59. Rxh7 {[%emt 0:00:10]} Rxg4 {[%emt 0:00:02]} 60. Kc4 {[%emt 0:00:07]} Rg1 {[%emt 0:00:21]} 61. d5+ {[%emt 0:00:01]} Ke5 {[%emt 0:00:04]} 62. Rxf7 {[%emt 0:00:08]} 1-0

[Event "HUN-ch Rapid 2019"]
[Site "Ajka"]
[Date "2019.07.19"]
[Round "3.13"]
[White "Marosi, Levente"]
[Black "Horvath, Adam"]
[Result "1-0"]
[WhiteElo "2225"]
[BlackElo "2517"]
[Annotator "ChessBase"]
[PlyCount "187"]
[EventDate "2019.07.18"]
[EventType "swiss"]
[EventCountry "HUN"]
[SourceTitle "playchess.com"]
[Source "ChessBase"]
[SourceQuality "1"]
[TimeControl "1200+5"]

1. e4 {[%emt 0:00:01]} c5 {[%emt 0:00:01]} 2. Nf3 {[%emt 0:00:02]} Nc6 {[%emt 0:00:01]} 3. d4 {[%emt 0:00:03]} cxd4 {[%emt 0:00:01]} 4. Nxd4 {[%emt 0:00:01]} e6 {[%emt 0:00:00]} 5. Nc3 {[%emt 0:00:05]} Qc7 {[%emt 0:00:01]} 6. Be3 {[%emt 0:00:02]} a6 {[%emt 0:00:02]} 7. Qf3 {[%emt 0:00:25]} Nf6 {[%emt 0:00:15]} 8. O-O-O {[%emt 0:01:17]} h5 {[%emt 0:00:13]} 9. Nxc6 {[%emt 0:03:09]} dxc6 {[%emt 0:00:31]} 10. Qg3 {[%emt 0:03:33]} e5 {[%emt 0:00:04]} 11. f3 {[%emt 0:00:06]} Be6 {[%emt 0:00:36]} 12. Qf2 {[%emt 0:00:21]} b5 {[%emt 0:00:24]} 13. Bc5 {[%emt 0:01:12]} Be7 {[%emt 0:02:57]} 14. g3 {[%emt 0:01:05]} O-O {[%emt 0:00:06]} 15. h4 {[%emt 0:01:06]} a5 {[%emt 0:00:36]} 16. Bh3 {[%emt 0:00:48]} Bxh3 {[%emt 0:00:19]} 17. Rxh3 {[%emt 0:00:03]} a4 {[%emt 0:01:11]} 18. Rhh1 {[%emt 0:01:56]} b4 {[%emt 0:00:28]} 19. Nb1 {[%emt 0:00:09]} Rab8 {[%emt 0:01:43]} 20. Rd3 {[%emt 0:00:59]} Rb5 {[%emt 0:00:48]} 21. Bxe7 {[%emt 0:00:02]} Qxe7 {[%emt 0:00:01]} 22. Rhd1 {[%emt 0:00:02]} c5 {[%emt 0:00:19]} 23. c4 {[%emt 0:01:21]} bxc3 {[%emt 0:00:36]} 24. Nxc3 {[%emt 0:00:03]} Rb4 {[%emt 0:00:18]} 25. a3 {[%emt 0:00:30]} Rd4 {[%emt 0:00:42]} 26. Ne2 {[%emt 0:00:22]} Nd7 {[%emt 0:02:31]} 27. Kb1 {[%emt 0:01:03]} Rxd3 {[%emt 0:03:16]} 28. Rxd3 {[%emt 0:00:01]} c4 {[%emt 0:00:17]} 29. Rd5 {[%emt 0:00:07]} Nf6 {[%emt 0:00:15]} 30. Rd1 {[%emt 0:00:59]} Rb8 {[%emt 0:00:08]} 31. Nc3 {[%emt 0:00:01]} Kh7 {[%emt 0:00:18]} 32. Kc1 {[%emt 0:00:05]} Qe8 {[%emt 0:00:54]} 33. Qc5 {[%emt 0:00:14]} Rc8 {[%emt 0:01:18]} 34. Qb5 {[%emt 0:00:25]} Qe6 {[%emt 0:00:05]} 35. Nxa4 {[%emt 0:00:18]} Qh3 {[%emt 0:00:16]} 36. Qxe5 {[%emt 0:00:09]} Ra8 {[%emt 0:00:41]} 37. Nc3 {[%emt 0:00:03]} Qg2 {[%emt 0:00:03]} 38. Qf5+ {[%emt 0:00:12]} Kg8 {[%emt 0:00:03]} 39. e5 {[%emt 0:00:08]} Ne8 {[%emt 0:00:30]} 40. Rd7 {[%emt 0:00:16]} Qg1+ {[%emt 0:00:20]} 41. Nd1 {[%emt 0:00:04]} c3 {[%emt 0:00:06]} 42. Qxf7+ {[%emt 0:00:07]} Kh7 {[%emt 0:00:01]} 43. Qxh5+ {[%emt 0:00:01]} Kg8 {[%emt 0:00:00]} 44. Qf7+ {[%emt 0:00:09]} Kh7 {[%emt 0:00:01]} 45. bxc3 {[%emt 0:00:14]} Qxg3 {[%emt 0:00:01]} 46. Qh5+ {[%emt 0:00:01]} Kg8 {[%emt 0:00:01]} 47. Qf7+ Kh7 48. Re7 {[%emt 0:00:16]} Nc7 {[%emt 0:00:32]} 49. Rxc7 {[%emt 0:00:09]} Qxe5 {[%emt 0:00:01]} 50. Re7 {[%emt 0:00:10]} Qg3 {[%emt 0:00:08]} 51. Qh5+ {[%emt 0:00:03]} Kg8 {[%emt 0:00:00]} 52. Re8+ {[%emt 0:00:00]} Rxe8 {[%emt 0:00:01]} 53. Qxe8+ {[%emt 0:00:01]} Kh7 {[%emt 0:00:01]} 54. Qe4+ {[%emt 0:00:01]} Kg8 {[%emt 0:00:01]} 55. a4 {[%emt 0:00:01]} Qd6 {[%emt 0:00:01]} 56. a5 {[%emt 0:00:04]} Qa3+ {[%emt 0:00:02]} 57. Kd2 {[%emt 0:00:01]} Qxa5 {[%emt 0:00:02]} 58. Ke2 {[%emt 0:00:02]} Qa2+ {[%emt 0:00:09]} 59. Ke3 {[%emt 0:00:05]} Qa1 {[%emt 0:00:03]} 60. Qd4 {[%emt 0:00:06]} Qc1+ {[%emt 0:00:02]} 61. Ke2 {[%emt 0:00:02]} Qc2+ {[%emt 0:00:02]} 62. Qd2 {[%emt 0:00:02]} Qf5 {[%emt 0:00:06]} 63. Ne3 {[%emt 0:00:01]} Qh3 {[%emt 0:00:05]} 64. Qd8+ {[%emt 0:00:08]} Kh7 {[%emt 0:00:02]} 65. Qg5 {[%emt 0:00:06]} Qh2+ {[%emt 0:00:02]} 66. Kd3 {[%emt 0:00:13]} Qd6+ {[%emt 0:00:03]} 67. Qd5 {[%emt 0:00:07]} Qa6+ {[%emt 0:00:01]} 68. c4 {[%emt 0:00:05]} Qa3+ {[%emt 0:00:02]} 69. Ke4 {[%emt 0:00:02]} Qe7+ {[%emt 0:00:04]} 70. Kd3 {[%emt 0:00:15]} Qa3+ {[%emt 0:00:00]} 71. Ke2 {[%emt 0:00:02]} Qb2+ {[%emt 0:00:02]} 72. Qd2 {[%emt 0:00:01]} Qe5 {[%emt 0:00:06]} 73. Qd3+ {[%emt 0:00:03]} Kh8 {[%emt 0:00:02]} 74. Qe4 {[%emt 0:00:06]} Qb2+ {[%emt 0:00:03]} 75. Nc2 {[%emt 0:00:02]} Qc3 {[%emt 0:00:04]} 76. h5 {[%emt 0:00:09]} Kg8 {[%emt 0:00:04]} 77. Qd5+ {[%emt 0:00:15]} Kh8 {[%emt 0:00:03]} 78. Ne3 {[%emt 0:00:02]} Qb2+ {[%emt 0:00:02]} 79. Kf1 {[%emt 0:00:05]} Qc1+ {[%emt 0:00:11]} 80. Kf2 {[%emt 0:00:01]} Qb2+ {[%emt 0:00:02]} 81. Kg3 {[%emt 0:00:01]} Qb8+ {[%emt 0:00:04]} 82. Kh3 {[%emt 0:00:13]} Qc8+ {[%emt 0:00:41]} 83. Ng4 {[%emt 0:00:03]} Qa6 {[%emt 0:00:14]} 84. Qf7 {[%emt 0:00:20]} Qa1 {[%emt 0:00:17]} 85. Kg2 {[%emt 0:00:12]} Qa2+ {[%emt 0:00:05]} 86. Kg3 {[%emt 0:00:01]} Qa1 {[%emt 0:00:06]} 87. Qf8+ {[%emt 0:00:08]} Kh7 {[%emt 0:00:01]} 88. Qf5+ {[%emt 0:00:01]} Kh8 {[%emt 0:00:03]} 89. Kg2 {[%emt 0:00:05]} Qa2+ {[%emt 0:00:04]} 90. Kh3 {[%emt 0:00:03]} Qxc4 {[%emt 0:00:10]} 91. h6 {[%emt 0:00:04]} gxh6 {[%emt 0:00:12]} 92. Qf6+ {[%emt 0:00:01]} Kg8 {[%emt 0:00:06]} 93. Nxh6+ {[%emt 0:00:02]} Kh7 {[%emt 0:00:00]} 94. Qf7+ {[%emt 0:00:03]} 1-0

[Event "HUN-ch Rapid 2019"]
[Site "Ajka"]
[Date "2019.07.19"]
[Round "3.14"]
[White "Mihok, Oliver"]
[Black "Medvegyne Balogh, Emese"]
[Result "1-0"]
[WhiteElo "2550"]
[BlackElo "2073"]
[Annotator "ChessBase"]
[PlyCount "77"]
[EventDate "2019.07.18"]
[EventType "swiss"]
[EventCountry "HUN"]
[SourceTitle "playchess.com"]
[Source "ChessBase"]
[SourceQuality "1"]
[TimeControl "1200+5"]

1. e4 {[%emt 0:00:03]} d5 {[%emt 0:00:01]} 2. exd5 {[%emt 0:00:02]} Qxd5 {[%emt 0:00:01]} 3. Nc3 {[%emt 0:00:01]} Qd6 {[%emt 0:00:01]} 4. d4 {[%emt 0:00:04]} c6 {[%emt 0:00:01]} 5. Nf3 {[%emt 0:00:13]} Nf6 {[%emt 0:00:03]} 6. Ne5 {[%emt 0:00:05]} Nbd7 {[%emt 0:00:06]} 7. Nc4 {[%emt 0:00:03]} Qc7 {[%emt 0:00:03]} 8. a4 {[%emt 0:00:16]} Nb6 {[%emt 0:00:35]} 9. Ne5 {[%emt 0:00:09]} Be6 {[%emt 0:01:13]} 10. a5 {[%emt 0:00:45]} Nbd7 {[%emt 0:00:13]} 11. Bf4 {[%emt 0:00:19]} Nxe5 {[%emt 0:00:27]} 12. Bxe5 {[%emt 0:00:09]} Qd7 {[%emt 0:00:11]} 13. h3 {[%emt 0:01:18]} g6 {[%emt 0:02:32]} 14. Bd3 {[%emt 0:00:45]} Bg7 {[%emt 0:00:12]} 15. Ne4 {[%emt 0:00:34]} O-O {[%emt 0:00:23]} 16. Nc5 {[%emt 0:00:11]} Qc8 {[%emt 0:00:02]} 17. O-O {[%emt 0:00:55]} Bf5 {[%emt 0:03:04]} 18. Bxf5 {[%emt 0:01:07]} gxf5 {[%emt 0:00:02]} 19. Qf3 {[%emt 0:00:20]} e6 {[%emt 0:06:55]} 20. Qg3 {[%emt 0:01:09]} Kh8 {[%emt 0:00:15]} 21. Qb3 {[%emt 0:00:09]} Nd7 {[%emt 0:01:00]} 22. Bxg7+ {[%emt 0:00:05]} Kxg7 {[%emt 0:00:01]} 23. Nxb7 {[%emt 0:00:08]} Rb8 {[%emt 0:00:34]} 24. Qg3+ {[%emt 0:01:00]} Kh8 {[%emt 0:00:10]} 25. a6 {[%emt 0:00:09]} Rg8 {[%emt 0:00:20]} 26. Qd6 {[%emt 0:00:19]} Nf6 {[%emt 0:00:14]} 27. Qe5 {[%emt 0:00:15]} Rg6 {[%emt 0:00:11]} 28. Nd6 {[%emt 0:01:40]} Qf8 {[%emt 0:00:11]} 29. Nxf7+ {[%emt 0:00:38]} Kg8 {[%emt 0:00:44]} 30. Nd6 {[%emt 0:00:59]} Nd7 {[%emt 0:00:23]} 31. Qf4 {[%emt 0:00:21]} Rb4 {[%emt 0:01:15]} 32. c3 {[%emt 0:00:59]} Rxb2 {[%emt 0:00:19]} 33. Nc4 {[%emt 0:00:50]} Rb5 {[%emt 0:00:16]} 34. Rab1 {[%emt 0:00:25]} Nf6 {[%emt 0:00:19]} 35. Ne5 {[%emt 0:00:18]} Rg7 {[%emt 0:00:19]} 36. Nxc6 {[%emt 0:00:17]} Rxb1 {[%emt 0:00:02]} 37. Rxb1 {[%emt 0:00:01]} Nd5 {[%emt 0:00:03]} 38. Qf3 {[%emt 0:00:10]} Qd6 {[%emt 0:00:12]} 39. Rb8+ {[%emt 0:00:33]} 1-0